[Event "HUN-ch U14"]
[Site "Paks"]
[Date "1996.??.??"]
[Round "3"]
[White "Kiss, Gedeon"]
[Black "Nagy, Andras"]
[Result "0-1"]
[WhiteElo "2130"]
[BlackElo "2075"]
[PlyCount "94"]
[EventDate "1996.??.??"]
[EventType "tourn"]
[EventRounds "9"]
[EventCountry "HUN"]
[SourceTitle "EXT 2001"]
[Source "ChessBase"]
[SourceDate "2000.11.22"]
[SourceVersion "1"]
[SourceVersionDate "2000.11.22"]
[SourceQuality "1"]

1. e4 c5 2. Nf3 a6 3. c3 e6 4. d4 d5 5. exd5 Qxd5 6. Be2 Nc6 7. 0-0 Nf6 8. Be3 cxd4 9. cxd4 Be7 10. Nc3 Qd6 11. Qd2 Nd5 12. Nxd5 Qxd5 13. b3 b5 14. Rfd1 Bb7 15. Ne1 Bb4 16. Bf3 Bxd2 17. Bxd5 Bxe1 18. Bxc6+ Bxc6 19. Rxe1 Rc8 20. Rac1 Kd7 21. f3 Bd5 22. Rc5 Rhe8 23. Kf2 f6 24. Ke2 Rxc5 25. dxc5 e5 26. Kd2 e4 27. f4 f5 28. Kc3 Kc6 29. Kd4 Bf7 30. h3 b4 31. Bd2 Rd8+ 32. Ke3 Rd3+ 33. Ke2 Bh5+ 34. g4 fxg4 35. Bxb4 gxh3+ 36. Kf2 Rf3+ 37. Kg1 Rxf4 38. Kh2 e3 39. Bc3 e2 40. Bxg7 Rf1 41. Bc3 Bg4 42. Kg3 h5 43. Bb4 Rf3+ 44. Kh2 Rf2+ 45. Kg1 Rg2+ 46. Kh1 Bf3 47. Bd2 h2 0-1